The Star Trek Movies - Statistics

General Stats
  • This quiz has been taken 1,302 times
    932 since last reset
  • The average score is 10 of 13
Answer Stats
Hint Answer % Correct
2009 Star Trek
94%
1982 The Wrath of Khan
91%
1984 The Search for Spock
87%
1979 The Motion Picture
84%
1994 Generations
83%
2002 Nemesis
80%
1996 First Contact
79%
1986 The Voyage Home
79%
2016 Star Trek Beyond
76%
1998 Insurrection
71%
1989 The Final Frontier
71%
1991 The Undiscovered Country
71%
2013 Star Trek Into Darkness
68%
No matching quizzes found
Score Distribution
Percent of People with Each Score
Percentile by Number Answered
Your Score History
You have not taken this quiz since the last reset